Optometría pediátrica
Uloženo v:
| Hlavní autor: | |
|---|---|
| Médium: | Kniha |
| Jazyk: | španělština |
| Vydáno: |
Valencia
Ulleye
2005
|
| Edice: | Optometría, oftalmología, Superficie Ocular, Córnea y Lentes de Contacto
|
| Témata: | |
| Tagy: |
Přidat tag
Žádné tagy, Buďte první, kdo vytvoří štítek k tomuto záznamu!
|
MARC
| LEADER | 00000nam a2200000 a 4500 | ||
|---|---|---|---|
| 001 | UCH0772 | ||
| 003 | CL-VaPUC | ||
| 008 | 090326e20050000SP |||||||||||||||||spa|d | ||
| 020 | |a 9788493082826 | ||
| 082 | 0 | 4 | |a 617.6 |b LOP |2 21 |
| 100 | |a López Alemany, Antonio |e autor |9 535101 | ||
| 245 | 1 | 0 | |a Optometría pediátrica |
| 300 | |a 408 p | ||
| 942 | |c BK | ||
| 945 | |d 20090326 00:00:00 |a rbrito | ||
| 260 | |a Valencia |b Ulleye |c 2005 | ||
| 650 | 7 | |a OPTOMETRIA |2 CL-VaPUC |9 535102 | |
| 650 | 7 | |a OFTALMOLOGIA INFANTIL |2 CL-VaPUC |9 535103 | |
| 650 | 0 | |a Visión |9 269056 | |
| 650 | 0 | |a Percepción visual |9 267039 | |
| 650 | 0 | |a Optica |9 263171 | |
| 650 | 0 | |a Enfermedades oculares |9 431653 | |
| 583 | |a last modification |c 20140403 05:45:54 |k Rodrigo Vera | ||
| 490 | 0 | |a Optometría, oftalmología, Superficie Ocular, Córnea y Lentes de Contacto | |
| 999 | |c 333015 |d 333013 | ||
| 952 | |0 0 |1 0 |4 0 |6 617_600000000000000_LOP_2005 |7 0 |8 A |9 421132 |a BIBCUR |b BIBCUR |d 2019-11-22 |i 4523970 |o 617.6 LOP 2005 |p 4523970 |r 2025-04-22 |w 2019-11-22 |y BK |k TEM | ||